[Event "It (open)"]
[Site "masterchessopen.com Seefeld (Austria)"]
[Round "1"]
[White "Strasser Josef (GER)"]
[Black "Stoer Andreas (GER)"]
[Result "0-1"]
[WhiteElo "1970"]
[BlackElo "2170"]

1.d4 Nf6 2.Nf3 e6 3.c4 d5 4.Nc3 c6 5.e3 Nbd7 6.Bd3 dxc4 7.Bxc4 b5 8.Bb3 Bb7
9.O-O a6 10.e4 b4 11.e5 bxc3 12.exf6 cxb2 13.fxg7 Bxg7 14.Bxb2 c5 15.Re1 O-O
16.Ne5 Nxe5 17.dxe5 Qg5 18.g3 Rfd8 19.Qc1 Qf5 20.f4 Qh3 21.Qc2 c4 22.Ba4 Bf8
23.Bc1 Rd3 24.Re2 Bc5+ 25.Rf2 Rxg3+ {#R} 0-1

[Event "It (open)"]
[Site "masterchessopen.com Tan Binh (Vietnam)"]
[Round "4"]
[White "Bui Vinh (VIE)"]
[Black "Le Dinh Tuan (VIE)"]
[Result "0-1"]
[WhiteElo "2392"]
[BlackElo "2316"]

1.d4 d5 2.c4 c6 3.Nc3 Nf6 4.e3 e6 5.Nf3 Nbd7 6.Bd3 dxc4 7.Bxc4 Be7 8.e4 b5
9.Bd3 a6 10.O-O Bb7 11.Bg5 h6 12.Bxf6 Nxf6 13.e5 Nd7 14.Re1 Qb6 15.a4 Rc8
16.axb5 cxb5 17.d5 O-O 18.Bb1 Rfd8 19.dxe6 fxe6 20.Qe2 Nf8 21.Ba2 b4 22.Ne4 b3
23.Bb1 a5 24.Bd3 Bb4 25.Red1 Bd5 26.Nh4 Be7 27.Qg4 Bxh4 28.Qxh4 {#R} 0-1

[Event "It (open)"]
[Site "masterchessopen.com Cali (Colombia)"]
[Round "4"]
[White "Cardona Fabio (COL)"]
[Black "Velasco Santiago (PUR)"]
[Result "0-1"]
[WhiteElo "2166"]
[BlackElo "2273"]

1.d4 Nf6 2.Nf3 d5 3.c4 c6 4.Nc3 e6 5.e3 Nbd7 6.Bd3 dxc4 7.Bxc4 b5 8.Bd3 Bb7
9.O-O a6 10.Ne4 c5 11.Nxf6+ gxf6 12.b3 Bd6 13.Bb2 Ke7 14.Nd2 Rg8 15.Be4 Qc7
16.f4 f5 17.Bxb7 Qxb7 18.Qf3 Qxf3 19.Nxf3 Rac8 20.Rac1 c4 21.g3 Nb6 22.Nd2 Bb4
23.Nb1 Nd5 24.Bc3 Nxc3 25.Nxc3 cxb3 26.Ne2 bxa2 {#R} 0-1

[Event "Ch England (team) 2000/01 (2 div)"]
[Site "masterchessopen.com England"]
[Round "11"]
[White "Houska Miroslav (ENG)"]
[Black "Savory Richard J (ENG)"]
[Result "1-0"]
[WhiteElo "2293"]
[BlackElo "2115"]

1.d4 d5 2.c4 c6 3.Nf3 Nf6 4.e3 e6 5.Nc3 Nbd7 6.Bd3 dxc4 7.Bxc4 b5 8.Bb3 b4
9.Ne2 Be7 10.O-O O-O 11.Ng3 Ba6 12.Re1 c5 13.e4 cxd4 14.Nxd4 Bb7 15.e5 Nd5
16.Qg4 g6 17.Bh6 Re8 18.Nxe6 {#r} 1-0

[Event "It (cat.2) (b)"]
[Site "masterchessopen.com Gausdal (Norway)"]
[Round "5"]
[White "Hedman Erik (SWE)"]
[Black "Wikstrom Per (SWE)"]
[Result "1-0"]
[WhiteElo "2343"]
[BlackElo "2255"]

1.d4 d5 2.c4 c6 3.Nc3 e6 4.e3 Nf6 5.Bd3 Nbd7 6.Nf3 dxc4 7.Bxc4 b5 8.Be2 a6
9.O-O Bb7 10.e4 b4 11.e5 bxc3 12.exf6 cxb2 13.fxg7 Bxg7 14.Bxb2 O-O 15.Qc2 Qa5
16.d5 Nc5 17.Ng5 f5 18.Bxg7 {#r} 1-0

[Event "Oberliga Northeast 2000/01"]
[Site "masterchessopen.com Germany"]
[Round "0"]
[White "Baumbach Friedrich Dr (GER)"]
[Black "Kleeschaetzky Rainer (GER)"]
[Result "1-0"]
[WhiteElo "2323"]
[BlackElo "2318"]

1.d4 d5 2.c4 c6 3.Nf3 Nf6 4.Nc3 e6 5.e3 Nbd7 6.Bd3 dxc4 7.Bxc4 b5 8.Bd3 Bb7
9.e4 b4 10.Na4 c5 11.e5 Nd5 12.dxc5 Bxc5 13.Nxc5 Nxc5 14.Bb5+ Ke7 15.O-O Qb6
16.Qe2 h6 17.Be3 Nxe3 18.fxe3 Bxf3 19.Qxf3 Raf8 20.Rac1 Qxb5 21.Rxc5 Qb8
22.Qg4 {#r} 1-0

[Event "Ch Poland (team) (juniors) (under 20) (2 div)"]
[Site "masterchessopen.com Krynica (Poland)"]
[Round "10"]
[White "Gorecka Joanna (POL)"]
[Black "Botor Michalina (POL)"]
[Result "0-1"]
[WhiteElo "2095"]
[BlackElo "1743"]

1.d4 d5 2.c4 e6 3.Nc3 c6 4.Nf3 Nf6 5.e3 Nbd7 6.Be2 dxc4 7.Bxc4 b5 8.Bd3 Bb7
9.O-O Bd6 10.Bd2 O-O 11.a3 a6 12.Re1 c5 13.dxc5 Nxc5 14.Be2 Qc7 15.g3 Rac8
16.b4 Nce4 17.Nxe4 Bxe4 18.Nd4 Rfd8 19.Bf3 Bg6 20.Rc1 Qb6 21.Rxc8 Rxc8 {#R}
0-1

[Event "It (open)"]
[Site "masterchessopen.com Mislata (Spain)"]
[Round "1"]
[White "Movsziszian Karen (ARM)"]
[Black "Serrano Felipe Rafael (ESP)"]
[Result "1-0"]
[WhiteElo "2511"]
[BlackElo "2146"]

1.d4 d5 2.c4 e6 3.Nc3 c6 4.e3 Nf6 5.Nf3 Nbd7 6.Bd3 dxc4 7.Bxc4 b5 8.Bb3 Bb7
9.O-O Be7 10.Re1 a6 11.e4 O-O 12.Bg5 Re8 13.e5 Nd5 14.Ne4 f6 15.exf6 gxf6
16.Bh6 Kh8 17.Ng3 Bf8 18.Qc1 Re7 19.Ne4 Rf7 20.a3 Rc8 21.Qd2 Rc7 22.Rac1 Bxh6
23.Qxh6 Nf8 24.Nh4 f5 25.Bxd5 Qxd5 26.Ng5 Rg7 27.Nxe6 {#r} 1-0

[Event "Memorial E.Geller (open)"]
[Site "masterchessopen.com Moscow (Russia)"]
[Round "1"]
[White "Virovlansky Semen (RUS)"]
[Black "Novogrudsky Nikolay (RUS)"]
[Result "1-0"]
[WhiteElo "2457"]
[BlackElo "2252"]

1.d4 d5 2.c4 c6 3.Nc3 Nf6 4.e3 e6 5.Nf3 Nbd7 6.Bd3 dxc4 7.Bxc4 b5 8.Bd3 Bb7
9.e4 b4 10.Na4 c5 11.e5 Nd5 12.dxc5 Bxc5 13.Nxc5 Nxc5 14.Bb5+ Ke7 15.Qd4 Qb6
16.Bc4 h6 17.O-O Rhd8 18.Bd2 a5 19.Rac1 Rac8 20.Rc2 Kf8 21.Qg4 Ne7 22.Be3 Nf5
23.Nd4 Nxd4 24.Bxd4 Qc6 25.f3 Qe8 26.Rfc1 Qe7 27.Bb5 {#r} 1-0

[Event "Ch Spain (juniors) (under 18)"]
[Site "masterchessopen.com Oropesa (Spain)"]
[Round "5"]
[White "Fluvia Jordi (ESP)"]
[Black "Vercher Sansaloni Juan E (ESP)"]
[Result "1-0"]
[WhiteElo "2235"]
[BlackElo "2003"]

1.d4 d5 2.c4 e6 3.Nf3 Nf6 4.Nc3 Nbd7 5.e3 c6 6.Bd3 dxc4 7.Bxc4 b5 8.Be2 b4
9.Na4 Be7 10.b3 O-O 11.Bb2 Bb7 12.Rc1 Rc8 13.O-O Ne4 14.Ne5 Nb6 15.Nc5 Nxc5
16.dxc5 Nd5 17.Bd3 Bf6 18.Qc2 h6 19.Qc4 Bxe5 20.Bxe5 f6 21.Bd6 Re8 22.e4 Nc7
23.Qxb4 Ba6 24.Bxa6 Nxa6 25.Qa4 Nc7 26.Qxc6 a6 {#r} 1-0

[Event "Ch Russia (juniors) (under 14)"]
[Site "masterchessopen.com Smolensk (Russia)"]
[Round "0"]
[White "Vitiugov Nikita (RUS)"]
[Black "Demin Vladimir (RUS)"]
[Result "1-0"]
[WhiteElo "2382"]
[BlackElo "2250"]

1.d4 d5 2.c4 c6 3.Nc3 Nf6 4.e3 e6 5.Nf3 Nbd7 6.Bd3 dxc4 7.Bxc4 b5 8.Be2 Bb7
9.O-O a6 10.e4 c5 11.e5 Nd5 12.a4 Nxc3 13.bxc3 c4 14.Bg5 Qc8 15.axb5 axb5
16.Rxa8 Bxa8 17.Qb1 h6 18.Bh4 Bc6 19.Nd2 g5 20.Bg3 Nb6 21.Bh5 b4 22.f4 Nd5
23.fxg5 bxc3 24.Nxc4 hxg5 25.Bxf7+ Kd8 26.Nd6 Bxd6 27.exd6 Ne3 28.Qg6 {#r} 1-0

[Event "Ch Russia (juniors) (under 14) (g)"]
[Site "masterchessopen.com Smolensk (Russia)"]
[Round "0"]
[White "Lupik Marina (RUS)"]
[Black "Dolgova Olga (RUS)"]
[Result "0-1"]
[WhiteElo "2197"]
[BlackElo "2095"]

1.d4 d5 2.c4 c6 3.Nc3 e6 4.e3 Nf6 5.Nf3 Nbd7 6.Bd3 dxc4 7.Bxc4 b5 8.Bd3 Bb7
9.O-O a6 10.e4 c5 11.Bg5 cxd4 12.Nxd4 Ne5 13.Bc2 Be7 14.f4 Nc4 15.Re1 Nxb2
16.Qd2 Nc4 17.Qd3 Rc8 18.e5 Nb2 19.Qd2 Bc5 20.Ne2 Qd5 21.Ng3 Qxd4+ 22.Qxd4
Bxd4+ 23.Kh1 Rxc2 {#R} 0-1

[Event "It (open)"]
[Site "masterchessopen.com Bethune (France)"]
[Round "2"]
[White "Lagache Guillaume (FRA)"]
[Black "Pavillon Guillaume (FRA)"]
[Result "1-0"]
[WhiteElo "1985"]
[BlackElo "1844"]

1.d4 d5 2.Nf3 Nf6 3.c4 c6 4.Nc3 e6 5.e3 Nbd7 6.Bd3 dxc4 7.Bxc4 b5 8.Bd3 Bb7
9.O-O Be7 10.Qe2 a6 11.e4 c5 12.Bg5 cxd4 13.Nxd4 Ne5 14.Bxb5+ axb5 15.Qxb5+
Ned7 16.Qxb7 Rb8 17.Qc6 Rb6 18.Qa4 Rb4 19.Qd1 Rxb2 20.Nc6 Qa8 21.Nxe7 Kxe7
22.Re1 h6 23.Bc1 Rb4 24.e5 Ng4 25.Qd6+ {#r} 1-0

[Event "Olympiad"]
[Site "masterchessopen.com Bled (Slovenia)"]
[Round "13"]
[White "Elson Askari (BAR)"]
[Black "Pieris T D R (SRI)"]
[Result "1-0"]
[WhiteElo "2150"]
[BlackElo "2128"]

1.d4 d5 2.Nf3 Nf6 3.c4 e6 4.Nc3 Nbd7 5.e3 c6 6.Bd3 dxc4 7.Bxc4 b5 8.Bd3 Bb7
9.O-O a6 10.e4 Nb6 11.e5 Nfd5 12.Bg5 Be7 13.Ne4 O-O 14.Rc1 f6 15.exf6 Nxf6
16.Ne5 Rc8 17.Nxf6+ Bxf6 18.Qh5 g6 19.Bxg6 Rc7 20.Bh6 hxg6 21.Qxg6+ Bg7
22.Qxe6+ Kh7 23.Bxg7 Kxg7 24.Rc3 Rf6 25.Rg3+ Kh8 26.Ng6+ Rxg6 27.Qxg6 {#r} 1-0

[Event "Olympiad"]
[Site "masterchessopen.com Bled (Slovenia)"]
[Round "12"]
[White "Kuslan C (SUR)"]
[Black "Elhaj Nizar (LBA)"]
[Result "0-1"]
[WhiteElo "2178"]
[BlackElo "2032"]

1.d4 d5 2.c4 c6 3.Nc3 Nf6 4.e3 e6 5.Nf3 Nbd7 6.Bd3 dxc4 7.Bxc4 b5 8.Bd3 Bb7
9.a3 Be7 10.b4 O-O 11.Bb2 a5 12.bxa5 Rxa5 13.O-O Qb6 14.Qb3 Rfa8 15.h3 Qa7
16.Ra2 b4 17.Nb1 bxa3 18.Bxa3 c5 19.dxc5 Bxf3 20.gxf3 Bxc5 21.Bxc5 Qxc5
22.Rxa5 Rxa5 23.Rd1 Qh5 24.Bf1 Qxf3 25.Rd4 Rg5+ 26.Kh2 Qxf2+ {#R} 0-1

[Event "It (cat.8)"]
[Site "masterchessopen.com Budapest (Hungary)"]
[Round "3"]
[White "Mensch Etienne (FRA)"]
[Black "Sedlak Nikola (SRB)"]
[Result "0-1"]
[WhiteElo "2346"]
[BlackElo "2506"]

1.d4 d5 2.c4 c6 3.Nf3 Nf6 4.Nc3 e6 5.e3 Nbd7 6.Bd3 dxc4 7.Bxc4 b5 8.Bd3 Bd6
9.e4 e5 10.Be3 O-O 11.O-O Re8 12.a3 a6 13.b4 exd4 14.Bxd4 c5 15.Bxc5 Bxc5 {#R}
0-1

[Event "Oberliga East A 2001/02"]
[Site "masterchessopen.com Germany"]
[Round "6"]
[White "Matthey Harald (GER)"]
[Black "Gempe Thomas (GER)"]
[Result "1-0"]
[WhiteElo "2294"]
[BlackElo "2222"]

1.Nf3 d5 2.d4 Nf6 3.c4 c6 4.e3 e6 5.Nc3 Nbd7 6.Bd3 dxc4 7.Bxc4 b5 8.Bb3 b4
9.Na4 Ba6 10.Bd2 Be7 11.Rc1 Qa5 12.Bc4 O-O 13.O-O Bxc4 14.Rxc4 Nb6 15.Nxb6
axb6 16.Rxc6 Qb5 17.Ne5 Rxa2 18.Qb3 Qd5 19.Qxd5 Nxd5 20.Nd3 b3 21.e4 Nf6 22.f3
Rd8 23.Bc3 b5 24.Rb6 e5 25.d5 b4 26.Bxb4 {#r} 1-0

[Event "Ch Germany (juniors) (under 20) (team)"]
[Site "masterchessopen.com Greifswald (Germany)"]
[Round "5"]
[White "Seifert Volker (GER)"]
[Black "Malykin Vitaly (UKR)"]
[Result "1-0"]
[WhiteElo "2310"]
[BlackElo "2399"]

1.d4 d5 2.c4 c6 3.Nc3 Nf6 4.Nf3 e6 5.e3 Nbd7 6.Bd3 dxc4 7.Bxc4 b5 8.Bd3 Bd6
9.O-O O-O 10.e4 e5 11.Bg5 exd4 12.Nxd4 Bb7 13.Nf5 Bb4 14.Bc2 Qc7 15.f4 Bxc3
16.bxc3 Qb6+ 17.Kh1 c5 18.e5 Nd5 19.Qg4 h5 20.Qxh5 g6 21.Nh6+ Kg7 22.Qh3 Qe6
23.f5 Qxe5 24.Ng4 Qe2 25.Rf2 {#r} 1-0

[Event "It (open)"]
[Site "masterchessopen.com Helsinki (Finland)"]
[Round "1"]
[White "Norri Joose (FIN)"]
[Black "Aaltio Erkki (FIN)"]
[Result "1-0"]
[WhiteElo "2403"]
[BlackElo "2133"]

1.Nf3 d5 2.d4 Nf6 3.c4 c6 4.Nc3 e6 5.e3 Nbd7 6.Bd3 dxc4 7.Bxc4 b5 8.Bd3 Bb7
9.e4 b4 10.Na4 Be7 11.O-O O-O 12.e5 Nd5 13.Qc2 h6 14.Qe2 Re8 15.Bd2 Nf8
16.Rac1 a5 17.Rfe1 f5 18.exf6 Bxf6 19.Nc5 Bc8 20.Ne5 Ne7 21.Qh5 Bxe5 22.Rxe5
Nd5 23.Bxh6 gxh6 24.Qxh6 Qf6 25.Rg5+ Kf7 26.Qh5+ Ke7 27.Qh4 Kd8 28.Rxd5+ {#r}
1-0

[Event "Ch Baden-Wuerttemberg"]
[Site "masterchessopen.com Oeffingen (Germany)"]
[Round "3"]
[White "Mueller Thomas (GER)"]
[Black "Herzog Ralf (GER)"]
[Result "0-1"]
[WhiteElo "2112"]
[BlackElo "2028"]

1.d4 d5 2.Nf3 Nf6 3.c4 c6 4.e3 e6 5.Nc3 Nbd7 6.Bd3 dxc4 7.Bxc4 b5 8.Bd3 Bb7
9.e4 a6 10.O-O c5 11.d5 c4 12.dxe6 fxe6 13.Bc2 Bc5 14.Qe2 Qb6 15.Bg5 O-O
16.Rad1 Qc7 17.a3 Rae8 18.Rd2 Ne5 19.Nxe5 Qxe5 20.Bh4 Nh5 21.Rfd1 Bc6 22.Qg4
h6 23.g3 Nf6 24.Bxf6 Qxf6 25.Qe2 Qe5 26.Qf1 Rf3 {#R} 0-1

[Event "Ch Paris (open)"]
[Site "masterchessopen.com Paris (France)"]
[Round "2"]
[White "Ben Khelifa Noomene (FRA)"]
[Black "Lafaurie Pierre (FRA)"]
[Result "0-1"]
[WhiteElo "2114"]
[BlackElo "2076"]

1.d4 e6 2.c4 d5 3.Nf3 c6 4.e3 Nf6 5.Nc3 Nbd7 6.Bd3 dxc4 7.Bxc4 b5 8.Bd3 Bb7
9.O-O b4 10.Ne4 Be7 11.Nxf6+ Nxf6 12.e4 c5 13.e5 Nd7 14.dxc5 Bxc5 15.Bb5 Bd5
16.Ng5 h6 17.Qh5 O-O 18.Bd3 f5 19.exf6 Nxf6 20.Qh3 hxg5 21.Bg6 g4 22.Qd3 Qb6
23.Bg5 Qb7 24.Rac1 Bxg2 25.Qg3 Bxf1 26.Rxf1 Qf3 27.Qh4 Qh3 28.Bxf6 gxf6 {#R}
0-1

[Event "Ch Europe (juniors) (under 12) (g)"]
[Site "masterchessopen.com Peniscola (Spain)"]
[Round "5"]
[White "Nowak Malgorzata (POL)"]
[Black "Balsai Nikolett (HUN)"]
[Result "1-0"]
[WhiteElo "2084"]
[BlackElo "1918"]

1.d4 d5 2.c4 c6 3.Nc3 e6 4.e3 Nf6 5.Nf3 Nbd7 6.Bd3 dxc4 7.Bxc4 b5 8.Bb3 a6
9.O-O Bd6 10.a3 O-O 11.Re1 c5 12.h3 c4 13.Bc2 Bb7 14.e4 e5 15.d5 h6 16.Be3 Qe7
17.Nh4 Qd8 18.Nf5 Qc7 19.Qd2 Kh7 20.Bxh6 Ng8 21.Bxg7 {#r} 1-0

[Event "It (d)"]
[Site "masterchessopen.com Serpukhov (Russia)"]
[Round "2"]
[White "Kiselev Artiom (RUS)"]
[Black "Kovpak Anastasiya (RUS)"]
[Result "1-0"]
[WhiteElo "2251"]
[BlackElo "2113"]

1.d4 d5 2.c4 c6 3.Nf3 Nf6 4.Nc3 e6 5.e3 Nbd7 6.Bd3 dxc4 7.Bxc4 Nb6 8.Bd3 c5
9.O-O Be7 10.dxc5 Bxc5 11.e4 h6 12.Qe2 O-O 13.h3 Bd7 14.Bf4 Bc6 15.Rfd1 Qe7
16.Ne5 Rac8 17.Rac1 Rfd8 18.a3 Be8 19.Nf3 Nfd7 20.e5 a5 21.Bg3 Nd5 22.Nxd5
exd5 23.Bf5 d4 24.Bh4 f6 25.Qc4+ Bf7 26.e6 Nb6 27.exf7+ Kh8 28.Qd3 {#r} 1-0

[Event "It"]
[Site "masterchessopen.com St. Lo (France)"]
[Round "6"]
[White "Dacalor Aurelie (FRA)"]
[Black "Bodenez Claire (FRA)"]
[Result "1-0"]
[WhiteElo "2063"]
[BlackElo "1973"]

1.d4 d5 2.c4 e6 3.e3 Nf6 4.Nc3 c6 5.Nf3 Nbd7 6.Be2 dxc4 7.Bxc4 b5 8.Bb3 a6
9.O-O Be7 10.e4 Nb6 11.Qe2 O-O 12.Ne5 Bb7 13.f3 Qxd4+ 14.Be3 Qxe5 15.Bxb6 Bc5+
16.Bxc5 Qxc5+ 17.Kh1 Rfd8 18.e5 Ne8 19.f4 Qb6 20.f5 Bc8 21.fxe6 Bxe6 22.Bxe6
fxe6 23.Qf3 Nc7 24.Qf7+ Kh8 25.Rf3 b4 26.Raf1 Rg8 27.Ne4 Qd4 28.Ng5 {#r} 1-0

[Event "Cup Russia (open)"]
[Site "masterchessopen.com Tomsk (Russia)"]
[Round "3"]
[White "Konev Alexander (RUS)"]
[Black "Partys Tatiana (RUS)"]
[Result "1-0"]
[WhiteElo "2097"]
[BlackElo "2042"]

1.d4 d5 2.c4 c6 3.Nf3 Nf6 4.Nc3 e6 5.e3 Nbd7 6.Bd3 dxc4 7.Bxc4 b5 8.Bb3 a6
9.e4 c5 10.e5 cxd4 11.Qxd4 Bc5 12.Qh4 Ng8 13.Qg4 Ne7 14.O-O Ng6 15.Ne4 Be7
16.Nd6+ Kf8 17.Nxf7 {#r} 1-0

[Event "It"]
[Site "masterchessopen.com Vladimir (Russia)"]
[Round "0"]
[White "Yevseev Denis (RUS)"]
[Black "Zabotin Alexander (RUS)"]
[Result "1-0"]
[WhiteElo "2576"]
[BlackElo "2330"]

1.d4 d5 2.c4 c6 3.Nc3 Nf6 4.e3 e6 5.Nf3 Nbd7 6.Bd3 dxc4 7.Bxc4 b5 8.Bd3 b4
9.Ne4 c5 10.Nxf6+ Nxf6 11.O-O cxd4 12.Nxd4 Bc5 13.Qf3 Bd7 14.Nc6 Qc8 15.Ne5
O-O 16.b3 Rb8 17.Bb2 Bb5 18.Rac1 Qa6 19.Rxc5 {#r} 1-0

[Event "It (open)"]
[Site "masterchessopen.com Vlissingen (Netherlands)"]
[Round "3"]
[White "Nilssen John Arni (FAI)"]
[Black "Van Rij Gert (NED)"]
[Result "1-0"]
[WhiteElo "2369"]
[BlackElo "2006"]

1.d4 Nf6 2.c4 c6 3.Nc3 d5 4.e3 e6 5.Nf3 Nbd7 6.Bd3 dxc4 7.Bxc4 b5 8.Be2 Bb7
9.O-O a6 10.e4 c5 11.d5 b4 12.dxe6 fxe6 13.e5 Ng4 14.Ng5 Ngxe5 15.Nxe6 Qb6
16.Nd5 Qc6 17.Nec7+ Kd8 18.f4 Bd6 19.fxe5 Bxc7 20.Bg5+ Ke8 21.Bh5+ g6 22.Bf3
Bxe5 23.Nf6+ Bxf6 24.Bxc6 Bd4+ 25.Kh1 Bxc6 26.Qe2+ Ne5 27.Bf6 {#r} 1-0

[Event "It (open)"]
[Site "masterchessopen.com Villa Ballester (Argentina)"]
[Date "2002.01.08"]
[Round "5"]
[White "Velazco Emilio (ARG)"]
[Black "Dickau Daniel (ARG)"]
[Result "0-1"]
[WhiteElo "2096"]
[BlackElo "2161"]

1.d4 d5 2.Nf3 Nf6 3.c4 e6 4.Nc3 c6 5.e3 Nbd7 6.Bd3 dxc4 7.Bxc4 b5 8.Bd3 Bb7
9.e4 a6 10.O-O c5 11.e5 Nd5 12.Bg5 Nxc3 13.bxc3 Be7 14.Bxe7 Qxe7 15.Nd2 O-O
16.f4 cxd4 17.c4 Nc5 18.Bb1 Qd7 19.cxb5 d3 20.Qc1 Qd4+ 21.Kh1 Rfc8 22.Qc4 Qxa1
23.bxa6 Bxa6 {#R} 0-1

[Event "Tournament (Elo) (b)"]
[Site "masterchessopen.com Budapest (Hungary)"]
[Round "11"]
[White "Horvath Kalman (HUN)"]
[Black "Tessedik Karoly (HUN)"]
[Result "1-0"]
[WhiteElo "2146"]
[BlackElo "1931"]

1.d4 d5 2.Nf3 Nf6 3.c4 c6 4.e3 e6 5.Nc3 Nbd7 6.Bd3 dxc4 7.Bxc4 b5 8.Bd3 Bb7
9.e4 a6 10.e5 Nd5 11.Nxd5 cxd5 12.Ng5 Bb4+ 13.Kf1 h6 14.Qh5 O-O 15.Nh7 Re8
16.Bxh6 gxh6 17.Qxh6 Be7 18.Nf6+ Bxf6 19.Bh7+ {#r} 1-0

[Event "Ch Arabic Countries (w)"]
[Site "masterchessopen.com Cairo (Egypt)"]
[Round "4"]
[White "Houli Asma (ALG)"]
[Black "Mir Mahmoud Afamia (SYR)"]
[Result "1-0"]
[WhiteElo "2100"]
[BlackElo "2021"]

1.d4 Nf6 2.c4 e6 3.Nf3 d5 4.e3 Nbd7 5.Nc3 c6 6.Bd3 dxc4 7.Bxc4 b5 8.Bd3 Bb7
9.e4 b4 10.Na4 Be7 11.O-O O-O 12.e5 Nd5 13.Qe2 c5 14.Nxc5 Nxc5 15.dxc5 Qd7
16.Ng5 Bxg5 17.Bxg5 Ne7 18.Bxe7 Qxe7 19.Rac1 Rac8 20.c6 Bxc6 21.Rxc6 Rxc6
22.Qe4 f5 23.Qxc6 f4 24.Bc4 Re8 25.Rd1 Rd8 26.Qxe6+ {#r} 1-0

[Event "It (open) \"]
[Site "masterchessopen.com Copenhagen (Denmark)"]
[Round "2"]
[White "Jussupow Artur (GER)"]
[Black "Brondum Eric (DEN)"]
[Result "1-0"]
[WhiteElo "2583"]
[BlackElo "2219"]

{ Jussupow Artur (GER) +2 =2 -1 Jussupow Artur (GER) +2 =2 -1 Jussupow Artur
(GER) +2 =2 -1 } 1.d4 { 1 } 1...d5 2.Nf3 Nf6 3.c4 c6 4.Nc3 e6 5.e3 Nbd7 6.Bd3
dxc4 7.Bxc4 b5 8.Bd3 Bb7 9.e4 b4 10.Na4 Be7 ( 10...c5 11.e5 Nd5 12.O-O cxd4
13.Nxd4 Nxe5 14.Bb5+ Nd7 15.Qh5 Nf6 16.Nxe6 Nxh5 17.Nxd8 Rxd8 18.Re1+ Be7
19.Nc5 Bc8 20.Bg5 Nf6 21.Rad1 a6 22.Ba4 h6 23.Bxf6 gxf6 24.Nxd7 Bxd7 25.Rxd7
Rxd7 26.Rd1 O-O 27.Rxd7 Rc8 28.g3 Kf8 29.Bb3 Rd8 30.Ra7 { ...1/2-1/2, Radjabov
Teimour 2624 - Shirov Alexei 2723 , Wijk aan Zee 2003 It (cat.19) } ) 11.O-O
O-O { ? } ( 11...c5 12.e5 Nd5 13.dxc5 Rc8 14.Bd2 O-O 15.a3 a5 16.Qb1 h6 17.Qe1
Bc6 18.Qe4 g6 19.Qg4 Kg7 20.axb4 Nxb4 21.Bb1 Bxf3 22.Qxf3 Nxc5 23.Rd1 Nxa4
24.Rxa4 Qc7 25.Be4 Rfd8 26.Raa1 Rxd2 27.Rxd2 Qxe5 28.Rad1 Rc7 29.g3 Na6 30.Rd7
Nc5 31.Rxc7 { ...1-0, Nenashev Alexander 2585 - Gurevich Mikhail 2620 ,
Groningen 1997 It (open) } ) 12.Qc2 ( 12.e5 Nd5 13.Bd2 N5b6 14.Be4 Nxa4
15.Qxa4 Nb6 16.Qc2 g6 17.h4 Bxh4 18.Nxh4 Qxh4 19.Bxb4 Rfd8 20.Rad1 Ba6 21.Rfe1
Bc4 22.Bxc6 Rac8 23.Bb7 Rb8 24.Be4 Bd5 25.Bc5 Bxe4 26.Rxe4 Qg5 27.Rd3 Nd5
28.Rg3 Qf5 29.Rf3 Qg5 30.Bxa7 Ra8 31.Ra3 Rdc8 { ...1-0, Likavsky Tomas 2465 -
Tibensky Robert 2446 , Austria 2003 Staatsliga B East 2002/03 } ) ( 12.Re1 Rc8
13.e5 Nd5 14.Nd2 c5 15.dxc5 Bc6 16.Bc2 { 1/2-1/2, Lesiege Alexandre 2561 -
Zugic Igor 2450 , Montreal 2002 It (cat.11) } ) 12...h6 13.e5 Nd5 14.Qe2 (
14.Bd2 Nc7 15.Bc4 f5 16.exf6 Bxf6 17.Qg6 Nd5 18.Bxh6 { 1-0, Manninen Marko
2385 - Andolo Humphrey 2200 , Elista 1998 Olympiad } ) 14...Re8 ( 14...Qa5
15.Qe4 g6 16.Bc2 Kg7 17.Nh4 Bxh4 18.Qxh4 Rh8 19.Bd2 c5 20.Nxc5 Nxc5 21.dxc5
Qxc5 22.Rac1 Qb6 23.Bb3 Qd8 24.Qh3 a5 25.Rfd1 Qe7 26.Rc4 h5 27.Qg3 Rhc8 28.Bg5
Qf8 29.Rh4 Kh8 30.Qh3 Kg8 31.g4 a4 32.Bxd5 Bxd5 33.gxh5 Qg7 34.Bf6 { ...1-0,
Michenka Jozef 2345 - Knazovcik Ladislav 2310 , Czech Republic 1996 Czech
League 1995/96 (2nd) (c) } ) ( 14...f5 15.exf6 Rxf6 16.Qe4 Nf8 17.Ne5 Qe8
18.Qh4 Rf4 19.Qg3 Bh4 20.Qh3 Rxd4 21.Nc5 Bf6 22.Nf3 Rxd3 23.Nxd3 Ba6 24.Rd1
Bxd3 25.Rxd3 Qg6 26.Ne1 Qe4 27.Rd1 c5 28.Qf3 Qxf3 29.Nxf3 c4 30.Re1 Rc8 31.Ne5
a5 32.a3 b3 33.Bd2 c3 34.bxc3 { ...1/2-1/2, Bisguier Arthur B 2440 -
Steinmeyer Robert, New York 1963 Ch USA } ) 15.Qe4 { +0,93 CAP } 15...Nf8
16.Qg4 { N } ( 16.Re1 c5 17.Nxc5 Bxc5 18.dxc5 Ng6 19.Bb5 Nc7 20.c6 Nxb5
21.cxb7 Rb8 22.Qxb4 Nc7 23.h4 Nd5 24.Qg4 Rxb7 25.h5 Rb4 26.Qg3 Nge7 27.Nh4 Kh8
28.a3 Rc4 29.b4 Qb6 30.Bb2 a5 31.Rad1 axb4 32.axb4 Qxb4 33.Ba3 Qa4 34.Bxe7
Rxe7 35.Ra1 Qe8 { ...1/2-1/2, Kreizberg Michael 2332 - Drozdov Alexandre 2347
, Tel Aviv 2002 It (cat.3) } ) 16...Kh8 17.Qh5 Kg8 18.Re1 Rc8 19.Bxh6 { ?! } (
19.Qg4 { !? } 19...Kh8 20.Bd2 Qa5 21.b3 { } ) 19...gxh6 20.Re4 Ng6 { ?! } (
20...f5 { !? } 21.exf6 Bxf6 22.Nc5 Rc7 { } ) 21.Qxh6 c5 { ?? } ( { ? }
21...Bf8 22.Qh5 Bg7 23.Ng5 Rc7 { } ) 22.Rg4 Bf8 23.Qh5 Bg7 24.Bxg6 { ! } (
24.Ng5 { ? } 24...Re7 25.Bxg6 fxg6 26.Qxg6 { } ) 24...fxg6 25.Qxg6 Qe7 26.Ng5
Qd7 27.Nxc5 { } {#r} 1-0